000 00897 a2200241 4500
001 140
005 20260407155413.0
008 260407a2006 arg spa d
003 AR-UNSa-BCEJYS
040 _aAR-UNSa-BCEJYS
_bspa
_cAR-UNSa-BCEJYS
080 _a658.1
_xClases de empresas. Finanzas
245 1 0 _aEmpresas en crisis
_pinstrumentos para alcanzar la competitividad
020 _a978-987-1281-19-0
250 _a1a. ed
264 1 _aBuenos Aires :
_bCPCECABA
_c2006
300 _a65 p.
_c22 cm
505 _a1.Qué es la crisis - 2.Qué es la competitividad - 3.Empresas en crisis - 4.Instrumentos
041 _aspa
942 _cBK
590 _aniveau_biblio:m niveau_hierar:0
100 1 _aPurita, Mirta Aída
856 4 1 _uhttps://biblioeco.unsa.edu.ar/pmb/images/libros/Empresas en crisis. Instrumentos para alcanzar la competitividad-l117329.jpg
_yImagen de portada
_qimage/jpeg
999 _c109
_d109